Datum a čas kvízu
28
Celkem bodů
Celkový počet nahraných bodů na tomto kvízu bez doplňovacích otázek.
7.
Pořadí na kvízu
Konečné umístění týmu na tomto kvízu.
Zaznamenané odpovědi
| # | Otázka | Odpověď | Body | Výsledky |
|---|---|---|---|---|
| 1. | Za zmanipulování televizní hry... | 1 | ||
| 2. | Sopka Sinabung s nadmořskou vý... | 0 | ||
| 3. | Vražda na předpis. Tak se jmen... | 1 | ||
| 4. | Síť fastfoodů KFC musela ve Ve... | 0 | ||
| 5. | V utkání druhé německé fotbalo... | 1 | ||
| 6. | Jistě se mezi Vámi najde mnoho... | 0 | ||
| 7. | Vodák, který jede na lodi vzad... | 1 | ||
| 8. | Silný provaz, který se dá využ... | 0 | ||
| 9. | Část řeky, kde voda teče velmi... | 1 | ||
| 10. | Kanoistům se mezi vrcholovými... | 1 |